000 00418 a2200157 4500
001 168571
020 _a
040 _cMagnum
100 _aByington, Carlos Amadeu Botelho
240 1 0 _aPedagogia simbolica: a construcao amorosa do conhecimento de ser
_lpor
245 1 0 _aPedagogia simbolica: a construcao amorosa do conhecimento de ser
362 0 _a1899
440 1 _aRecord
697 _aENSINO
942 _cBK
999 _c168571
_d168571